Statistics for 10 Random African Countries on an Empty Map

Click here to take the quiz!

General Stats

  • This quiz has been taken 17,781 times
  • The average score is 9 of 10

Answers on the Map

Answers color-coded by a green-red scale on the quiz's map according to % correct below.
 

Answer Stats

Country% Correct
Egypt
99%
Morocco
99%
Algeria
98%
Chad
98%
Libya
98%
Tunisia
98%
Madagascar
97%
Mali
97%
Somalia
97%
Sudan
97%
Mozambique
96%
D. R. Congo
95%
Ethiopia
95%
Mauritania
95%
Niger
95%
Senegal
95%
Angola
94%
Botswana
94%
Cape Verde
94%
Central African
Republic
94%
Eritrea
94%
Kenya
94%
Lesotho
94%
Malawi
94%
Nigeria
94%
Benin
93%
Ghana
93%
Namibia
93%
South Sudan
93%
Zambia
93%
Gabon
92%
São Tomé and
Príncipe
92%
Togo
92%
Zimbabwe
92%
Eswatini
91%
Seychelles
91%
Uganda
91%
Cameroon
90%
Comoros
90%
Rep. of the Congo
90%
Rwanda
90%
Tanzania
90%
Burkina Faso
89%
Burundi
89%
Ivory Coast
89%
Mauritius
89%
Djibouti
88%
Equatorial Guinea
88%
Guinea
87%
Liberia
86%
Gambia
85%
Guinea-Bissau
84%
Sierra Leone
84%

Score Distribution

Percentile by Number Answered

Percent of People with Each Score

Your Score History

You have not taken this quiz